Automation and Control in Transport (Record no. 1135)

000 -LEADER
fixed length control field 00398nam a2200145 4500
008 - FIXED-LENGTH DATA ELEMENTS--GENERAL INFORMATION
fixed length control field 200110b ||||| |||| 00| 0 eng d
082 00 - DEWEY DECIMAL CLASSIFICATION NUMBER
Classification number 625.27
Item number B296
100 ## - MAIN ENTRY--PERSONAL NAME
9 (RLIN) 714
Personal name Barwell, F. T.
245 10 - TITLE STATEMENT
Title Automation and Control in Transport
250 ## - EDITION STATEMENT
Edition statement 1st ed.
260 ## - PUBLICATION, DISTRIBUTION, ETC. (IMPRINT)
Place of publication, distribution, etc Oxford
Name of publisher, distributor, etc Pergamon
Date of publication, distribution, etc 1973
300 ## - PHYSICAL DESCRIPTION
Extent xiv, 257 p.
650 #0 - SUBJECT ADDED ENTRY--TOPICAL TERM
Topical term or geographic name as entry element Transportation --Automation
942 ## - ADDED ENTRY ELEMENTS (KOHA)
Source of classification or shelving scheme
Item type Books
Holdings
Withdrawn status Lost status Source of classification or shelving scheme Damaged status Not for loan Permanent location Current location Date acquired Full call number Barcode Date last seen Koha item type
          IMU Kolkata IMU Kolkata 1974-03-13 625.27 B296 04067 2020-01-10 Books
Designed and Maintained by IMU-KC Library, Kolkata Campus © Copyright All Rights Reserved

webs counters

Powered by Koha